Manoscritti economico-filosofici del 1844 /

I "Manoscritti economico-filosofici del 1844" furono scritti dal Marx ventiseienne tra il marzo e il settembre di quell'anno. Essi avrebbero dovuto costituire la prima parziale esecuzione di un disegno più generale: cioè la critica dell'economia politica. Questi manoscritti rappresentano la raggiunt...

Descrizione completa

Salvato in:
Dettagli Bibliografici
Autore principale: Marx, Karl, (1818-1883) (Autore)
Altri autori: Bobbio, Norberto
Natura: Libro
Lingua:italiano
Pubblicazione: Torino : Einaudi, 1976
Edizione:2. ed
Serie:Nuova universale Einaudi. N. S
Soggetti:
Tags: Aggiungi Tag
Nessun Tag, puoi essere il primo ad aggiungerne!!

MARC

LEADER 00000nam a22000007i 4500
001 IT\ICCU\TO0\0148234
003 ItRI
005 20241227153116.0
008 980915s1976 it |||||| ||||| |||||c
040 |b ita  |c ARCIGAY RIMINI 
041 7 |a ita  |2 ISO-639-2 
082 |a 335  |2 12 
100 1 |a Marx, Karl,  |d  (1818-1883)  |0 IT\ICCU\CFIV\000882  |4 aut 
240 1 0 |a Ökonomisch-philosophische Manuskripte aus dem Jahre 1844.  |9 Marx, Karl <1818-1883> 
245 1 0 |a Manoscritti economico-filosofici del 1844 /  |c Karl Marx ; prefazione e traduzione di Norberto Bobbio. 
250 |a 2. ed 
260 |a Torino :  |b Einaudi,  |c 1976 
300 |a XIX, 188 p. ;  |c 19 cm. 
520 |a I "Manoscritti economico-filosofici del 1844" furono scritti dal Marx ventiseienne tra il marzo e il settembre di quell'anno. Essi avrebbero dovuto costituire la prima parziale esecuzione di un disegno più generale: cioè la critica dell'economia politica. Questi manoscritti rappresentano la raggiunta consapevolezza, da parte di Marx, del vizio d'origine della filosofia hegeliana, l'astrattismo. Il giovane Marx, avendo acquistata chiara consapevolezza del suo distacco da Hegel e messo da parte definitivamente il radicalismo democratico, inizia un lavoro costruttivo nel campo della critica filosofica, storica, economica e politica e, in questi saggi, comincia a delineare una compiuta teoria della società e della storia. 
650 7 |a Diritto  |x Filosofia 
700 1 |a Bobbio, Norberto  |0 IT\ICCU\CFIV\001885 
830 0 |a Nuova universale Einaudi. N. S  |0 IT\ICCU\LO1\0075629 
942 |2 ddc  |c BK 
952 |0 0  |1 0  |2 ddc  |4 0  |6 335_000000000000000_MAR_MAN  |7 1  |9 2458  |a RN  |b RN  |d 2024-12-27  |l 0  |o 335 MAR MAN  |p 9911  |r 2024-12-27 15:31:46  |w 2024-12-27  |y BK 
981 1 |6 z01  |a i   |b xxxe  
982 1 |6 z01  |a n 
999 |c 2136  |d 2136